J N Baner8jee volume (Record no. 150440)

MARC details
000 -LEADER
fixed length control field 00837nam a2200229Ia 4500
003 - CONTROL NUMBER IDENTIFIER
control field OSt
005 - DATE AND TIME OF LATEST TRANSACTION
control field 20220918173842.0
008 - FIXED-LENGTH DATA ELEMENTS--GENERAL INFORMATION
fixed length control field 220917b |||||||| |||| 00| 0 eng d
037 ## - SOURCE OF ACQUISITION
Terms of availability Textual
040 ## - CATALOGING SOURCE
Original cataloging agency ARTS
Transcribing agency ARTS
Language of cataloging eng
041 ## - LANGUAGE CODE
Source of code eng
Language code of text/sound track or separate title eng
110 ## - MAIN ENTRY--CORPORATE NAME
Corporate name or jurisdiction name as entry element University of Calcutta Ancient Indian History and Culture Department
9 (RLIN) 47881
245 #0 - TITLE STATEMENT
Title J N Baner8jee volume
Remainder of title a collection of articles by his friends and puplis presented on his retirement from carmichael professorship of ancient Indian history and culture University of Calcutta
260 ## - PUBLICATION, DISTRIBUTION, ETC.
Date of publication, distribution, etc. 1962
700 ## - ADDED ENTRY--PERSONAL NAME
Personal name University of Calcutta Ancient Indian History and Culture Department
9 (RLIN) 47882
942 ## - ADDED ENTRY ELEMENTS (KOHA)
Classification part 902jM95, K0-;1
Koha item type Textual
Source of classification or shelving scheme Colon Classification (CC)
Holdings
Withdrawn status Lost status Damaged status Not for loan Home library Current library Date acquired Total Checkouts Full call number Barcode Date last seen Price effective from Koha item type
        Arts Library Arts Library 2022-09-18   902jM95 K0-;1 AL0277567 2022-09-18 2022-09-18 Textual
Copyright @ Delhi University Library System